El pensamiento económico de Aristóteles a Marshall : (Registro nro. 5470)
[ vista simple ]
| 000 -LEADER | |
|---|---|
| fixed length control field | 01266nam a2200289Ia 4500 |
| 003 - CONTROL NUMBER IDENTIFIER | |
| control field | OSt |
| 005 - DATE AND TIME OF LATEST TRANSACTION | |
| control field | 20200618203729.0 |
| 008 - FIXED-LENGTH DATA ELEMENTS--GENERAL INFORMATION | |
| fixed length control field | 191128s1971 SP gr 001 0 spa d |
| 040 ## - CATALOGING SOURCE | |
| Original cataloging agency | CO-JMCR |
| Transcribing agency | CO-JMCR |
| 041 1# - LANGUAGE CODE | |
| Language code of text/sound track or separate title | spa |
| Language code of original | eng |
| 082 04 - DEWEY DECIMAL CLASSIFICATION NUMBER | |
| Classification number | 330.15 / |
| Item number | S747e |
| Edition number | 23 |
| 100 1# - MAIN ENTRY--PERSONAL NAME | |
| Personal name | Spengler, Joseph J., |
| Relator term | autor |
| 9 (RLIN) | 5807 |
| 245 13 - TITLE STATEMENT | |
| Title | El pensamiento económico de Aristóteles a Marshall : |
| Remainder of title | ensayos / |
| Statement of responsibility, etc. | bajo la dirección de Joseph J. Spengler y William R. Allen ; revisión e indices de la edición española por Manuel Sanchez Ayuso |
| 260 ## - PUBLICATION, DISTRIBUTION, ETC. | |
| Place of publication, distribution, etc. | Madrid : |
| Name of publisher, distributor, etc. | Tecnos, |
| Date of publication, distribution, etc. | 1971. |
| 300 ## - PHYSICAL DESCRIPTION | |
| Extent | 800 páginas ; |
| Dimensions | 24 cm. |
| 490 0# - SERIES STATEMENT | |
| Series statement | Biblioteca tecnos de ciencias económicas |
| 500 ## - GENERAL NOTE | |
| General note | Índice de nombres páginas 787-800. |
| 505 0# - FORMATTED CONTENTS NOTE | |
| Formatted contents note | Escolasticismo y ercantilismo -- La economía del siglo XVIII anterior a Smith -- La escuela clásica y Marx -- La escuela histórica y el institucionalismo -- Marginalismo y neoclasicismo |
| 534 ## - ORIGINAL VERSION NOTE | |
| Introductory phrase | Essays in economic thought: aristotle to marshall |
| 546 ## - LANGUAGE NOTE | |
| Language note | Traducido del inglés |
| 650 14 - SUBJECT ADDED ENTRY--TOPICAL TERM | |
| Topical term or geographic name entry element | Pensamiento económico |
| 9 (RLIN) | 5808 |
| 650 24 - SUBJECT ADDED ENTRY--TOPICAL TERM | |
| Topical term or geographic name entry element | Economía |
| 9 (RLIN) | 5809 |
| 650 24 - SUBJECT ADDED ENTRY--TOPICAL TERM | |
| Topical term or geographic name entry element | Historia económica |
| 9 (RLIN) | 5810 |
| 700 1# - ADDED ENTRY--PERSONAL NAME | |
| Personal name | R. Allen, William, |
| Relator term | autor |
| 9 (RLIN) | 5811 |
| 700 1# - ADDED ENTRY--PERSONAL NAME | |
| Personal name | Sanchez Ayuso, Manuel, |
| Relator term | traductor |
| 9 (RLIN) | 5812 |
| 942 ## - ADDED ENTRY ELEMENTS (KOHA) | |
| Source of classification or shelving scheme | Dewey Decimal Classification |
| Koha item type | Books |
| Withdrawn status | Lost status | Source of classification or shelving scheme | Materials specified (bound volume or other part) | Damaged status | Not for loan | Home library | Current library | Shelving location | Date acquired | Source of acquisition | Cost, normal purchase price | Total Checkouts | Full call number | Barcode | Date last seen | Copy number | Price effective from | Koha item type |
|---|---|---|---|---|---|---|---|---|---|---|---|---|---|---|---|---|---|---|
| Dewey Decimal Classification | Donación--15/04/2018-- | Biblioteca Pública José María del Castillo y Rada | Biblioteca Pública José María del Castillo y Rada | General Stacks | 11/28/2019 | Donación | 0.00 | 330.15 / S747e | 430002009 | 05/16/2024 | Ej.1 | 11/28/2019 | Books |